|
|
|
|
| LEADER |
01381nam a2200421 a 4500 |
| 001 |
nkc20092007408 |
| 003 |
CZ PrNK |
| 005 |
20091204150159.0 |
| 007 |
ta |
| 008 |
091021s2009 xr a g 000 p cze |
| 015 |
|
|
|a cnb002007408
|
| 020 |
|
|
|a 978-80-7363-253-3
|q (váz.) :
|c Kč 135,00
|
| 035 |
|
|
|a (OCoLC)481070099
|
| 040 |
|
|
|a OLA001
|b cze
|d ABA001
|d BOA001
|
| 072 |
|
7 |
|a 821.162.3-1
|x Česká poezie
|2 Konspekt
|9 25
|
| 080 |
|
|
|a 821.162.3-1
|2 MRF
|
| 080 |
|
|
|a (0:82-1)
|2 MRF
|
| 080 |
|
|
|a (0:82-192)
|2 MRF
|
| 080 |
|
|
|a (082.21)
|2 MRF
|
| 100 |
1 |
|
|a Suchý, Jiří,
|d 1931 říjen 1.-
|7 jk01121734
|4 aut
|
| 245 |
1 |
0 |
|a A noc je nahá černoška /
|c Jiří Suchý ; [ilustrace ... Tereza Ješátková]
|
| 250 |
|
|
|a Vyd. v Dokořán 1.
|
| 260 |
|
|
|a Praha :
|b Dokořán,
|c 2009
|
| 300 |
|
|
|a 105 s. :
|b il. ;
|c 15 cm
|
| 490 |
1 |
|
|a Mocca ;
|v sv. 30
|
| 655 |
|
7 |
|a česká poezie
|7 fd133958
|2 czenas
|
| 655 |
|
7 |
|a písňové texty
|7 fd133190
|2 czenas
|
| 655 |
|
7 |
|a výbory
|7 fd133853
|2 czenas
|
| 655 |
|
9 |
|a Czech poetry
|2 eczenas
|
| 655 |
|
9 |
|a song texts
|2 eczenas
|
| 655 |
|
9 |
|a selected works
|2 eczenas
|
| 700 |
1 |
|
|a Kodlová, Tereza,
|d 1979-
|7 mzk2008486250
|4 ill
|
| 830 |
|
0 |
|a Mocca
|0 s
|
| 910 |
2 |
|
|a BOA001
|b S-1232.017
|
| 990 |
|
|
|a BK
|
| 995 |
|
|
|a 01
|
| 991 |
|
|
|b 200911
|
| 996 |
6 |
|
|b 2610395313
|c S-1232.017
|l MZK
|r Sklad / do 24 hodin
|n 1
|p p.v.
|w 000973751
|u 000010
|a 1
|e BOA001
|j MZK50
|s P
|